000 01173nam a2200289 4500
001 0000021401
003 CO-CtgCURN
005 20250730205956.0
008 160627s1998 000 0 eng d
020 _a9586281558
040 _aCO-CtgCURN
_bspa
_ccoctgcurn
082 0 _a658
_bZ373p
100 1 _aZerda Sarmiento, Alvaro.
245 1 3 _aLa pequeña y mediana industria en la encrucijada /
_cAlvaro Zerda Sarmiento, Nicolas Rincon Gille.
260 _aBogotá :
_bUniversidad Nacional de Colombia,
_c1998.
300 _a226 p.
336 _2rdacontent
337 _2rdamedia
_asin mediacion
_bn
338 _2rdacarrier
_avolumen
_bnc
504 _aBibliografia (p. 215)
505 8 _aEl estatus conceptual de la pequeña y mediana industria.--Rentabilidad y tamaño de la industria.--Cambio tecnico y productividad.--Política economica y pequeña y mediana industria.--Comportamiento y determinantes de la dinamica en la pequeña y mediana industria
650 0 _aMicroempresas.
700 1 _aRincon Gille, Nicolas.
908 _a160627
942 _cBK
_h658
_iZ373p
_2ddc
999 _c49342
_d49342
_x1